[Event "Chess24 Banter Blitz Cup"]
[Site "chess24.com INT"]
[Date "2019.10.02"]
[Round "1.4"]
[White "Larino Nieto, David"]
[Black "Eljanov, Pavel"]
[Result "1-0"]
[WhiteTitle "GM"]
[BlackTitle "GM"]
[WhiteElo "2473"]
[BlackElo "2663"]
[WhiteFideId "2256444"]
[BlackFideId "14102951"]
[EventDate "2019.09.25"]
[EventType "blitz"]

1. Nf3 d5 2. b3 Bg4 3. Bb2 c6 4. d3 e6 5. Nbd2 Nf6 6. h3 Bh5 7. g4 Bg6 8. Ne5
Nbd7 9. Nxg6 hxg6 10. Bg2 Bd6 11. e3 Qc7 12. Qe2 O-O-O 13. a4 Kb8 14. a5 a6 15.
Qf1 Bb4 16. c3 Bxa5 17. b4 Bb6 18. Qe2 e5 19. Nb3 e4 20. d4 Nh7 21. Nc5 Ng5 22.
Kd2 f5 23. h4 Bxc5 24. bxc5 Ne6 25. g5 f4 26. Bh3 Ndxc5 27. dxc5 Nxc5 28. Kc2
Rxh4 29. Ba3 Nd3 30. Be6 f3 31. Qd2 Rdh8 32. Rxh4 Rxh4 33. c4 Rh2 34. Rf1 Qe5
35. cxd5 cxd5 36. Bg8 d4 37. Kb1 dxe3 38. Qxe3 Qb5+ 39. Ka1 Nb4 40. Rc1 Qa4 41.
Qf4+ Ka7 42. Qe3+ Kb8 43. Qc3 Rxf2 44. Qc7+ Ka7 45. Qc5+ Ka8 46. Qc8+ Ka7 47.
Qc5+ Ka8 48. Qxb4 Qxb4 49. Bxb4 Re2 50. Rc8+ Ka7 51. Bc5+ b6 52. Rc7+ Kb8 53.
Bxb6 1-0

[Event "Chess24 Banter Blitz Cup"]
[Site "chess24.com INT"]
[Date "2019.10.02"]
[Round "1.5"]
[White "Eljanov, Pavel"]
[Black "Larino Nieto, David"]
[Result "0-1"]
[WhiteTitle "GM"]
[BlackTitle "GM"]
[WhiteElo "2663"]
[BlackElo "2473"]
[WhiteFideId "14102951"]
[BlackFideId "2256444"]
[EventDate "2019.09.25"]
[EventType "blitz"]

1. Nf3 e6 2. d4 h6 3. e4 b6 4. c4 Bb7 5. Bd3 g5 6. Nc3 Bg7 7. Be3 Ne7 8. d5 Ng6
9. Bd4 e5 10. Be3 d6 11. h4 g4 12. Nd2 h5 13. Nf1 Nf4 14. g3 Qf6 15. gxf4 exf4
16. Bd2 Nd7 17. Qc2 Ne5 18. O-O-O a6 19. Kb1 O-O 20. Bc1 b5 21. Nd2 Rfb8 22. Ka1
Bc8 23. Be2 Bd7 24. f3 g3 25. c5 b4 26. Ncb1 Bb5 27. Nb3 Ba4 28. N1d2 Nd7 29. c6
Nc5 30. Kb1 Kh8 31. e5 Qxe5 32. Nc4 Qf6 33. Bd3 a5 34. Rhe1 Bxb3 35. axb3 a4 36.
Nd2 a3 37. Ne4 Qd4 38. Nxc5 dxc5 39. Bc4 Qf6 40. d6 cxd6 41. c7 Rc8 42. Rd5 Rxc7
43. Rxh5+ Kg8 44. bxa3 Qa1# 0-1

[Event "Chess24 Banter Blitz Cup"]
[Site "chess24.com INT"]
[Date "2019.10.02"]
[Round "1.6"]
[White "Larino Nieto, David"]
[Black "Eljanov, Pavel"]
[Result "1/2-1/2"]
[WhiteTitle "GM"]
[BlackTitle "GM"]
[WhiteElo "2473"]
[BlackElo "2663"]
[WhiteFideId "2256444"]
[BlackFideId "14102951"]
[EventDate "2019.09.25"]
[EventType "blitz"]

1. Nf3 d5 2. b3 Bg4 3. Bb2 c6 4. d3 Bxf3 5. exf3 e6 6. g3 Nf6 7. Bg2 Bb4+ 8. Nd2
Nbd7 9. a3 Bd6 10. f4 O-O 11. O-O Qc7 12. Re1 e5 13. fxe5 Bxe5 14. d4 Bd6 15.
Nf3 Rae8 16. Ne5 Nxe5 17. dxe5 Bxe5 18. Bd4 Bxd4 19. Qxd4 a6 20. b4 Re7 21. c4
dxc4 22. Qxc4 Rfe8 23. Rxe7 Qxe7 24. Rd1 h6 25. h3 Qe2 26. Qxe2 Rxe2 27. Rd8+
Re8 28. Rd1 Kf8 29. a4 Ke7 30. b5 axb5 31. axb5 Rc8 32. Rb1 Rc7 33. b6 Rd7 34.
Bxc6 Rd6 35. Bxb7 Nd7 36. Re1+ Kd8 37. Bf3 Rxb6 1/2-1/2

[Event "Chess24 Banter Blitz Cup"]
[Site "chess24.com INT"]
[Date "2019.10.02"]
[Round "1.7"]
[White "Eljanov, Pavel"]
[Black "Larino Nieto, David"]
[Result "1-0"]
[WhiteTitle "GM"]
[BlackTitle "GM"]
[WhiteElo "2663"]
[BlackElo "2473"]
[WhiteFideId "14102951"]
[BlackFideId "2256444"]
[EventDate "2019.09.25"]
[EventType "blitz"]

1. d4 e6 2. c4 b6 3. e4 Bb7 4. Bd3 d6 5. Nc3 Nd7 6. Nge2 g6 7. Be3 Bg7 8. Qd2 h6
9. O-O Ne7 10. b4 Kf8 11. a4 a6 12. a5 Kg8 13. axb6 cxb6 14. d5 Kh7 15. dxe6
fxe6 16. Nd4 Qg8 17. f4 Qf7 18. f5 Bxd4 19. Bxd4 Ne5 20. fxe6 Qxe6 21. Nd5 Raf8
22. Be2 b5 23. Nxe7 Qxe7 24. cxb5 axb5 25. Bxb5 Rxf1+ 26. Bxf1 Ra8 27. Rxa8 Bxa8
28. b5 Bxe4 29. b6 h5 30. Qc3 Kh6 31. Qe3+ Qg5 32. Qxe4 Ng4 33. h3 d5 34. Qd3
Qh4 35. hxg4 hxg4 36. Be5 d4 37. Qxd4 Qe1 38. b7 Kh5 39. b8=Q 1-0

[Event "Chess24 Banter Blitz Cup"]
[Site "chess24.com INT"]
[Date "2019.10.02"]
[Round "1.8"]
[White "Larino Nieto, David"]
[Black "Eljanov, Pavel"]
[Result "1-0"]
[WhiteTitle "GM"]
[BlackTitle "GM"]
[WhiteElo "2473"]
[BlackElo "2663"]
[WhiteFideId "2256444"]
[BlackFideId "14102951"]
[EventDate "2019.09.25"]
[EventType "blitz"]

1. e4 e5 2. Nf3 Nc6 3. Bb5 Nf6 4. Qe2 Bc5 5. c3 O-O 6. O-O d6 7. b4 Bb6 8. d3 a5
9. bxa5 Rxa5 10. Bc4 d5 11. exd5 Nxd5 12. a4 h6 13. h3 Re8 14. Qc2 Qf6 15. Nbd2
Qg6 16. Kh1 Nf4 17. Nh4 Qf6 18. Nhf3 Qg6 19. Nh4 Qh5 20. Ndf3 Nxh3 21. gxh3 Bxh3
22. Rg1 Bg4 23. Rxg4 Qxg4 24. Kh2 g5 25. Be3 Bxe3 26. fxe3 e4 27. Rg1 Qh5 28.
dxe4 Ne5 29. Nxg5 hxg5 30. Qf2 Ng4+ 31. Rxg4 Rxa4 32. Rxg5+ 1-0

[Event "Chess24 Banter Blitz Cup"]
[Site "chess24.com INT"]
[Date "2019.10.02"]
[Round "1.9"]
[White "Eljanov, Pavel"]
[Black "Larino Nieto, David"]
[Result "0-1"]
[WhiteTitle "GM"]
[BlackTitle "GM"]
[WhiteElo "2663"]
[BlackElo "2473"]
[WhiteFideId "14102951"]
[BlackFideId "2256444"]
[EventDate "2019.09.25"]
[EventType "blitz"]

1. d4 e6 2. c4 h6 3. Nc3 d5 4. cxd5 exd5 5. Bf4 c5 6. e3 Nf6 7. Nf3 Be7 8. dxc5
O-O 9. Be2 Nc6 10. O-O Bxc5 11. Rc1 Be7 12. Nb5 Bd7 13. Nc7 Rc8 14. Nxd5 Nxd5
15. Qxd5 Be6 16. Qxd8 Rfxd8 17. Bc4 Bxc4 18. Rxc4 g5 19. Bg3 Nb4 20. Rxc8 Rxc8
21. h3 Nxa2 22. Nd4 Nb4 23. Nf5 Bf8 24. Rd1 Rc5 25. e4 Nc6 26. Rd7 Rb5 27. Rc7
Bg7 28. Nd6 Rxb2 29. Nxb7 Nd4 30. Kh2 h5 31. Rd7 h4 32. Bb8 Rxf2 33. Kg1 Rd2 34.
Kf1 Rb2 35. Bxa7 Rb1+ 36. Kf2 Rb2+ 37. Kf1 Ne6 38. Be3 Be5 39. Nd8 Rb1+ 40. Kf2
Rb2+ 41. Kf3 Nf8 42. Rd5 f6 43. Bxg5 Kg7 44. Bf4 Rb3+ 45. Kg4 Ng6 46. Bxe5 Nxe5+
47. Kf5 Rb2 48. Ne6+ Kf7 49. Ng5+ fxg5 50. Rxe5 Rf2+ 51. Kg4 Rxg2+ 52. Kh5 Ra2
53. Rxg5 Kf6 54. Kxh4 Ke6 55. Rg4 Ke5 0-1

[Event "Chess24 Banter Blitz Cup"]
[Site "chess24.com INT"]
[Date "2019.10.02"]
[Round "1.10"]
[White "Larino Nieto, David"]
[Black "Eljanov, Pavel"]
[Result "0-1"]
[WhiteTitle "GM"]
[BlackTitle "GM"]
[WhiteElo "2473"]
[BlackElo "2663"]
[WhiteFideId "2256444"]
[BlackFideId "14102951"]
[EventDate "2019.09.25"]
[EventType "blitz"]

1. b3 d5 2. Bb2 c6 3. d3 Nf6 4. Nf3 Bf5 5. Nbd2 e6 6. g3 h6 7. Bg2 Nbd7 8. O-O
Be7 9. e4 Bh7 10. e5 Ng8 11. Qe2 Bb4 12. a3 Ba5 13. Nd4 Ne7 14. f4 Nf5 15. N2f3
Bb6 16. Kh1 Nxd4 17. Nxd4 Qe7 18. f5 Bxd4 19. f6 gxf6 20. Bxd4 fxe5 21. Bxe5
Nxe5 22. Qxe5 O-O-O 23. b4 Bg6 24. b5 Qc7 25. Qb2 c5 26. a4 h5 27. a5 Qd6 28. d4
c4 29. b6 a6 30. Qa3 h4 31. Qxd6 Rxd6 32. gxh4 Rxh4 33. c3 Rd8 34. Kg1 Rdh8 35.
Rae1 Rxh2 36. Rf6 Kd7 37. Re5 R2h5 38. Rexe6 fxe6 39. Rxg6 Re8 40. Bf3 Rhh8 41.
Kf2 Kc6 42. Rg7 Rb8 43. Rc7+ Kd6 44. Rg7 Rhe8 45. Ke3 Re7 46. Rg6 Kc6 47. Bg4
Kb5 48. Kf4 Kxa5 49. Bxe6 Rf8+ 50. Ke5 Rd8 51. Kf6 Ree8 52. Kf7 Rf8+ 53. Ke7 Kb5
54. Rh6 a5 55. Bd7+ Rxd7+ 56. Kxd7 a4 57. Rh5 a3 58. Rxd5+ Ka4 59. Rh5 a2 60.
Rh1 Kb3 61. Kc7 Rf7+ 62. Kb8 Kxc3 63. d5 Kb2 64. d6 c3 65. Rh2+ c2 66. Rh4 a1=Q
67. Rb4+ Kc3 68. d7 Qa8+ 0-1

[Event "Chess24 Banter Blitz Cup"]
[Site "chess24.com INT"]
[Date "2019.10.02"]
[Round "1.11"]
[White "Larino Nieto, David"]
[Black "Eljanov, Pavel"]
[Result "1-0"]
[WhiteTitle "GM"]
[BlackTitle "GM"]
[WhiteElo "2473"]
[BlackElo "2663"]
[WhiteFideId "2256444"]
[BlackFideId "14102951"]
[EventDate "2019.09.25"]
[EventType "blitz"]

1. e4 e5 2. Nf3 Nc6 3. Bb5 Nf6 4. Qe2 Bc5 5. c3 O-O 6. O-O d6 7. h3 Bb6 8. d3
Ne7 9. Be3 Ng6 10. Nbd2 c6 11. Ba4 Re8 12. Rfe1 d5 13. Rad1 h6 14. Nf1 Nh5 15.
exd5 Nhf4 16. Bxf4 Nxf4 17. Qe4 Qf6 18. dxc6 Bf5 19. Qxf4 exf4 20. cxb7 Reb8 21.
bxa8=Q Rxa8 22. N1h2 h5 23. d4 Bc7 24. Bb3 a5 25. Bc4 a4 26. Re2 a3 27. bxa3
Rxa3 28. Bb3 Ra8 29. Rde1 Bd6 30. Re8+ Rxe8 31. Rxe8+ Kh7 32. h4 g6 33. Ng5+ Kg7
34. Nhf3 Bg4 35. Bxf7 Bxf3 36. Rg8+ Kh6 37. gxf3 1-0

[Event "Chess24 Banter Blitz Cup"]
[Site "chess24.com INT"]
[Date "2019.10.02"]
[Round "1.12"]
[White "Eljanov, Pavel"]
[Black "Larino Nieto, David"]
[Result "0-1"]
[WhiteTitle "GM"]
[BlackTitle "GM"]
[WhiteElo "2663"]
[BlackElo "2473"]
[WhiteFideId "14102951"]
[BlackFideId "2256444"]
[EventDate "2019.09.25"]
[EventType "blitz"]

1. d4 e6 2. c4 h6 3. Nc3 d5 4. cxd5 exd5 5. Nf3 Nf6 6. Bf4 c5 7. e3 Nc6 8. Bb5
Be7 9. dxc5 O-O 10. O-O Bxc5 11. Rc1 Be7 12. Bxc6 bxc6 13. Ne5 Bd7 14. Na4 Rc8
15. Nc5 Bxc5 16. Rxc5 Ne4 17. Rc2 f6 18. Nd3 Be8 19. f3 Ng5 20. Nc5 Qe7 21. Qd4
Ne6 22. Nxe6 Qxe6 23. b4 g5 24. Bg3 Bg6 25. Rc3 Rf7 26. Rfc1 a6 27. a4 Rb7 28.
Rc5 Be8 29. h4 Bd7 30. Kf2 Kf7 31. Ra5 Qe7 32. Rcc5 Ra8 33. b5 cxb5 34. axb5 Be6
35. Rxa6 Rxb5 36. Rxa8 Qxc5 37. Ra7+ Kg6 38. Qd3+ f5 39. Ra6 Rb6 40. Rxb6 Qxb6
41. Qc3 Qd8 42. hxg5 hxg5 43. Qe5 Qf6 44. Qd6 Qb2+ 45. Kg1 Qa1+ 46. Kh2 Qh8+ 47.
Kg1 Qa1+ 48. Kf2 Qb2+ 49. Kf1 Qb5+ 50. Kg1 Kf7 51. Be5 Qb1+ 52. Kh2 Qb7 53. Qc5
Qd7 54. Qd4 Qe8 55. Kg1 Kg6 56. Qc5 Qd7 57. Qb6 Qc8 58. Bd4 Qc1+ 59. Kh2 Qc8 60.
Qd6 Qd7 61. Qe5 Qh7+ 0-1

[Event "Chess24 Banter Blitz Cup"]
[Site "chess24.com INT"]
[Date "2019.10.02"]
[Round "1.13"]
[White "Larino Nieto, David"]
[Black "Eljanov, Pavel"]
[Result "1-0"]
[WhiteTitle "GM"]
[BlackTitle "GM"]
[WhiteElo "2473"]
[BlackElo "2663"]
[WhiteFideId "2256444"]
[BlackFideId "14102951"]
[EventDate "2019.09.25"]
[EventType "blitz"]

1. e4 e5 2. Nf3 Nc6 3. Bb5 Nf6 4. Qe2 Bc5 5. c3 O-O 6. O-O d6 7. h3 Bb6 8. d3
Ne7 9. Be3 Ng6 10. Nbd2 c6 11. Ba4 Re8 12. Rfe1 h6 13. Nf1 d5 14. Ng3 Be6 15.
Bb3 Bc7 16. Rad1 Qc8 17. Kh2 a5 18. Bc2 Nf4 19. Bxf4 exf4 20. Nf1 dxe4 21. dxe4
Nd7 22. Kg1 Bxa2 23. b3 a4 24. bxa4 Nc5 25. e5 Bd5 26. Bb1 Bb3 27. Rd4 Rxa4 28.
N1h2 Ne6 29. Rxa4 Bxa4 30. Qe4 Bb3 31. Qh7+ Kf8 32. Ng4 Ke7 33. Nd4 Nxd4 34.
cxd4 Rg8 35. Nf6 gxf6 36. exf6+ Kxf6 37. Qxh6+ Rg6 38. Bxg6 fxg6 39. Qh4+ g5 40.
Qh6+ Kf5 41. Qh7+ Kf6 42. Re7 Bd6 43. Qg7+ Kf5 44. Qh7+ Kf6 45. Rxb7 Bd5 46.
Qg7+ Kf5 47. Qh7+ Kf6 48. h4 gxh4 49. Qh6+ Kf5 50. Qh5+ Ke4 51. Qe2+ Kxd4 52.
Qd2+ Kc5 53. Qa5+ Kc4 54. Qa4+ Kd3 55. Qd1+ Ke4 56. Qe2+ 1-0

[Event "Chess24 Banter Blitz Cup"]
[Site "chess24.com INT"]
[Date "2019.10.02"]
[Round "1.1"]
[White "Salgado Lopez, Ivan"]
[Black "Narayanan, S.L."]
[Result "0-1"]
[WhiteTitle "GM"]
[BlackTitle "GM"]
[WhiteElo "2594"]
[BlackElo "2611"]
[WhiteFideId "2257327"]
[BlackFideId "5058422"]
[EventDate "2019.09.25"]
[EventType "blitz"]

1. e4 e5 2. Nf3 Nc6 3. Nc3 Nf6 4. d4 exd4 5. Nxd4 Bb4 6. Nxc6 bxc6 7. Bd3 O-O 8.
O-O Re8 9. Bg5 h6 10. Bh4 Bxc3 11. bxc3 d5 12. exd5 cxd5 13. h3 Qd6 14. Bg3 Qc6
15. Rb1 Ba6 16. Qf3 Ne4 17. Bxa6 Qxa6 18. Rbd1 c6 19. Qd3 Qxa2 20. Ra1 Qc4 21.
Qxc4 dxc4 22. Ra4 Nxc3 23. Rxc4 Ne2+ 24. Kh2 Nxg3 25. Kxg3 Re6 26. Ra1 a5 27.
Raa4 Rg6+ 28. Kh2 Ra6 29. f4 Rd6 30. Rc5 Rd5 31. Rcc4 Kf8 32. Kg3 Ke7 33. Kf3
Kd6 34. c3 Rc5 35. Rd4+ Kc7 36. c4 Rb6 37. Re4 Rb4 38. Rxb4 axb4 39. Ke3 Kd6 40.
Kd4 Ra5 41. Re8 c5+ 42. Ke4 Ra7 43. Rd8+ Rd7 44. Rb8 Kc6 45. Rc8+ Rc7 46. Rb8
Rb7 47. Rc8+ Kd6 48. Rd8+ Kc7 49. Rd2 Kc6 50. Rb2 Re7+ 51. Kd3 Rd7+ 52. Ke3 Rd4
53. Rc2 f5 54. Rc1 g6 55. Rc2 h5 56. Rc1 h4 57. Rc2 Kb6 58. Rc1 Kc7 59. Rc2 Kc6
60. Rc1 Kb6 61. Rc2 Re4+ 62. Kd3 Rxf4 63. Re2 Rd4+ 64. Kc2 Rxc4+ 65. Kb2 Re4 66.
Rd2 Kb5 67. Rd8 Re2+ 68. Kb1 Rxg2 69. Re8 c4 70. Kc1 b3 71. Rb8+ Kc5 72. Rd8 Kb4
73. Re8 Kc3 74. Re3+ Kd4 75. Re8 c3 76. Rd8+ Ke4 77. Kd1 c2+ 0-1

[Event "Chess24 Banter Blitz Cup"]
[Site "chess24.com INT"]
[Date "2019.10.02"]
[Round "1.2"]
[White "Narayanan, S.L."]
[Black "Salgado Lopez, Ivan"]
[Result "1-0"]
[WhiteTitle "GM"]
[BlackTitle "GM"]
[WhiteElo "2611"]
[BlackElo "2594"]
[WhiteFideId "5058422"]
[BlackFideId "2257327"]
[EventDate "2019.09.25"]
[EventType "blitz"]

1. Nf3 d5 2. d4 Nf6 3. c4 e6 4. Nc3 Nbd7 5. e3 b6 6. cxd5 exd5 7. Bb5 Bb7 8. Ne5
Bd6 9. Nxd7 Nxd7 10. Qg4 g6 11. e4 c6 12. e5 f5 13. Qe2 Be7 14. Ba4 Nf8 15. Bb3
Ne6 16. Qd1 O-O 17. O-O Kg7 18. f4 Qd7 19. Be3 Rfd8 20. Kh1 h5 21. Qd2 a5 22.
Rad1 Bb4 23. a3 Be7 24. Qf2 Ba6 25. Rg1 Rac8 26. h3 Rh8 27. g3 Bb7 28. Kh2 b5
29. Ba2 a4 30. Ne2 Rcg8 31. Rg2 Kf7 32. Kg1 Ke8 33. Kf1 Kd8 34. Ke1 b4 35. axb4
Bxb4+ 36. Bd2 Be7 37. Ba5+ Ke8 38. Qe3 Kf7 39. Bc3 Ba6 40. Kd2 Rb8 41. g4 hxg4
42. hxg4 Ng7 43. Rdg1 a3 44. bxa3 Rh6 45. Ng3 fxg4 46. f5 Rh3 47. e6+ Nxe6 48.
fxe6+ Qxe6 49. Rf2+ Bf6 50. Qf4 Re8 51. Kc2 Kg7 52. Re1 1-0

[Event "Chess24 Banter Blitz Cup"]
[Site "chess24.com INT"]
[Date "2019.10.02"]
[Round "1.3"]
[White "Salgado Lopez, Ivan"]
[Black "Narayanan, S.L."]
[Result "0-1"]
[WhiteTitle "GM"]
[BlackTitle "GM"]
[WhiteElo "2594"]
[BlackElo "2611"]
[WhiteFideId "2257327"]
[BlackFideId "5058422"]
[EventDate "2019.09.25"]
[EventType "blitz"]

1. e4 e5 2. Nf3 Nc6 3. Nc3 Nf6 4. d4 exd4 5. Nxd4 Bb4 6. Nxc6 bxc6 7. Bd3 O-O 8.
O-O Re8 9. Bg5 h6 10. Bh4 Bxc3 11. bxc3 d5 12. exd5 cxd5 13. c4 Be6 14. cxd5
Bxd5 15. Re1 Rxe1+ 16. Qxe1 Qd6 17. Qa5 Qb6 18. Qc3 c5 19. a4 Re8 20. Bxf6 Qxf6
21. Qxf6 gxf6 22. f3 c4 23. Bf1 Rb8 24. Ra2 a5 25. Kf2 Rb1 26. Be2 Rc1 27. Ke3
c3 28. Ra3 Rxc2 29. Bd3 Rxg2 30. Rxc3 Rxh2 31. Rc5 Be6 32. Rxa5 Ra2 33. Ra8+ Kg7
34. a5 h5 35. f4 h4 36. f5 Bd5 37. Rd8 Rxa5 0-1

[Event "Chess24 Banter Blitz Cup"]
[Site "chess24.com INT"]
[Date "2019.10.02"]
[Round "1.4"]
[White "Narayanan, S.L."]
[Black "Salgado Lopez, Ivan"]
[Result "1-0"]
[WhiteTitle "GM"]
[BlackTitle "GM"]
[WhiteElo "2611"]
[BlackElo "2594"]
[WhiteFideId "5058422"]
[BlackFideId "2257327"]
[EventDate "2019.09.25"]
[EventType "blitz"]

1. Nf3 d5 2. d4 Nf6 3. c4 e6 4. Nc3 Nbd7 5. Bg5 c6 6. e3 Qa5 7. Nd2 dxc4 8. Bxf6
Nxf6 9. Nxc4 Qc7 10. Rc1 Be7 11. g3 O-O 12. Bg2 Rd8 13. O-O Bd7 14. Qb3 Be8 15.
Rfd1 Rac8 16. a4 Qb8 17. a5 Nd5 18. Ne4 Nf6 19. Nc5 Rc7 20. a6 b6 21. Nb7 Rdc8
22. Ncd6 Bxd6 23. Nxd6 Rd8 24. Nxe8 Nxe8 25. Rxc6 Rxc6 26. Bxc6 Nf6 27. Rc1 h5
28. Rc3 h4 29. Qc2 h3 30. Bb5 Qd6 31. Bf1 g6 32. Bxh3 Kg7 33. Bg2 Nd5 34. Bxd5
Qxd5 35. Rc7 Rh8 36. Rxa7 g5 37. Rc7 g4 38. Rc8 Rxc8 39. Qxc8 Qb3 40. Qb7 1-0

[Event "Chess24 Banter Blitz Cup"]
[Site "chess24.com INT"]
[Date "2019.10.02"]
[Round "1.5"]
[White "Salgado Lopez, Ivan"]
[Black "Narayanan, S.L."]
[Result "0-1"]
[WhiteTitle "GM"]
[BlackTitle "GM"]
[WhiteElo "2594"]
[BlackElo "2611"]
[WhiteFideId "2257327"]
[BlackFideId "5058422"]
[EventDate "2019.09.25"]
[EventType "blitz"]

1. b3 e5 2. Bb2 Nc6 3. e3 Nf6 4. Nf3 e4 5. Nd4 Nxd4 6. Bxd4 d5 7. c4 c5 8. Bxf6
Qxf6 9. Nc3 d4 10. Nxe4 Qg6 11. Ng3 h5 12. Qf3 h4 13. Ne2 Bd6 14. Nf4 Qf6 15.
Qe4+ Kd8 16. Nd5 Qg5 17. f4 Bf5 18. Qf3 Qg6 19. Be2 Be4 20. Qg4 Qxg4 21. Bxg4 h3
22. Bf3 hxg2 23. Bxe4 gxh1=R+ 24. Bxh1 Rxh2 25. O-O-O Kd7 26. Rg1 Rah8 27. Be4
g6 28. f5 gxf5 29. Bxf5+ Ke8 30. Nf6+ Ke7 31. Nd5+ Kf8 32. exd4 cxd4 33. Kc2 Rf2
34. Bc8 Rhh2 35. Rd1 b6 36. b4 f5 37. a4 f4 38. Kd3 f3 39. Bg4 Rhg2 40. Bh5 Rg5
41. Rh1 Bh2 42. a5 Rxh5 0-1

[Event "Chess24 Banter Blitz Cup"]
[Site "chess24.com INT"]
[Date "2019.10.02"]
[Round "1.6"]
[White "Narayanan, S.L."]
[Black "Salgado Lopez, Ivan"]
[Result "1-0"]
[WhiteTitle "GM"]
[BlackTitle "GM"]
[WhiteElo "2611"]
[BlackElo "2594"]
[WhiteFideId "5058422"]
[BlackFideId "2257327"]
[EventDate "2019.09.25"]
[EventType "blitz"]

1. e4 b6 2. d4 Bb7 3. Bd3 e6 4. Qe2 c5 5. d5 e5 6. f4 exf4 7. Bxf4 d6 8. Nf3 Nd7
9. Nbd2 Be7 10. Nc4 Ndf6 11. O-O-O Nh5 12. g3 Nxf4 13. gxf4 b5 14. Nxd6+ Qxd6
15. Bxb5+ Kf8 16. e5 Qb6 17. Bc4 Rb8 18. b3 Qa5 19. Kb1 Nh6 20. d6 Bd8 21. e6
fxe6 22. Ng5 Bf6 23. Nxe6+ Kf7 24. Ng5+ Kf8 25. Ne6+ Kf7 26. Rhe1 Qc3 27. Nd8+
Kg6 28. Bd3+ Nf5 29. Qg4+ Kh6 30. Nf7# 1-0

[Event "Chess24 Banter Blitz Cup"]
[Site "chess24.com INT"]
[Date "2019.10.02"]
[Round "1.7"]
[White "Salgado Lopez, Ivan"]
[Black "Narayanan, S.L."]
[Result "0-1"]
[WhiteTitle "GM"]
[BlackTitle "GM"]
[WhiteElo "2594"]
[BlackElo "2611"]
[WhiteFideId "2257327"]
[BlackFideId "5058422"]
[EventDate "2019.09.25"]
[EventType "blitz"]

1. Nf3 d5 2. b3 Nf6 3. Bb2 g6 4. c4 c6 5. g3 Bg7 6. Bg2 O-O 7. O-O a5 8. d4 a4
9. Nbd2 Bf5 10. bxa4 Qa5 11. Nh4 Be6 12. cxd5 cxd5 13. Nb3 Qxa4 14. Nc5 Qxd1 15.
Rfxd1 Bg4 16. Nf3 Nc6 17. h3 Bxf3 18. Bxf3 e6 19. e3 b6 20. Nb3 Rfc8 21. a3 Ne8
22. e4 dxe4 23. Bxe4 Nf6 24. Bf3 Nd5 25. Rac1 Bf8 26. Ra1 Na5 27. Nd2 Rc2 28.
Rab1 Bh6 29. Ne4 Nc4 30. Bc1 Bxc1 31. Rbxc1 Nxa3 32. Nf6+ Kg7 33. Nxd5 exd5 34.
Bxd5 Rd8 35. Bb3 Rxc1 36. Rxc1 Nb5 37. d5 Nd4 38. Rb1 b5 39. f4 Nxb3 40. Rxb3
Rxd5 41. Kf2 f5 42. Ke3 Kf6 43. Rc3 Rd6 44. Rc5 Rb6 45. Kd3 b4 46. Kc2 b3+ 47.
Kb2 Ke6 48. Re5+ Kd6 49. h4 h5 50. Ra5 Ke6 51. Re5+ Kf6 52. Ra5 Re6 53. Rc5 Re3
54. Rc3 Rxc3 55. Kxc3 Ke6 56. Kxb3 Kd5 57. Kc3 Ke4 58. Kd2 Kf3 59. Kd3 Kxg3 0-1

[Event "Chess24 Banter Blitz Cup"]
[Site "chess24.com INT"]
[Date "2019.10.02"]
[Round "1.8"]
[White "Narayanan, S.L."]
[Black "Salgado Lopez, Ivan"]
[Result "1-0"]
[WhiteTitle "GM"]
[BlackTitle "GM"]
[WhiteElo "2611"]
[BlackElo "2594"]
[WhiteFideId "5058422"]
[BlackFideId "2257327"]
[EventDate "2019.09.25"]
[EventType "blitz"]

1. Nf3 b6 2. e4 Bb7 3. Nc3 Nf6 4. e5 Nd5 5. Nxd5 Bxd5 6. d4 e6 7. Bd3 Be7 8. O-O
d6 9. Re1 Nd7 10. exd6 cxd6 11. c4 Bb7 12. a4 O-O 13. a5 bxa5 14. Bd2 Bf6 15.
Bxa5 Qb8 16. Bc3 Rc8 17. Nd2 a6 18. Qg4 Nf8 19. Ne4 Bxe4 20. Qxe4 Ra7 21. h4 Qc7
22. h5 a5 23. Ra4 Qd8 24. Rea1 d5 25. cxd5 exd5 26. Qg4 Rb8 27. Bxa5 Qe8 28.
R4a2 Ne6 29. Bc3 Rxa2 30. Rxa2 g6 31. hxg6 hxg6 32. Ra6 Kg7 33. Qf3 Ra8 34. Qxd5
Rxa6 35. Bxa6 Nf4 36. Qf3 1-0

[Event "Chess24 Banter Blitz Cup"]
[Site "chess24.com INT"]
[Date "2019.10.02"]
[Round "1.9"]
[White "Salgado Lopez, Ivan"]
[Black "Narayanan, S.L."]
[Result "1/2-1/2"]
[WhiteTitle "GM"]
[BlackTitle "GM"]
[WhiteElo "2594"]
[BlackElo "2611"]
[WhiteFideId "2257327"]
[BlackFideId "5058422"]
[EventDate "2019.09.25"]
[EventType "blitz"]

1. d4 Nf6 2. Bg5 d5 3. Nd2 e6 4. e3 Be7 5. c3 O-O 6. Bd3 b6 7. f4 Bb7 8. Ngf3
Ne4 9. Bxe7 Qxe7 10. Qc2 f5 11. Ne5 Nd7 12. Ndf3 Ndf6 13. Rg1 c5 14. g4 cxd4 15.
exd4 fxg4 16. Nxg4 Nh5 17. O-O-O Nxf4 18. Nfe5 Kh8 19. Kb1 a6 20. Bxe4 dxe4 21.
Rg3 Qh4 22. a3 b5 23. Rdg1 Nh3 24. Re1 Nf4 25. Ree3 Bd5 26. Nd7 Rf5 27. Nge5 Nd3
28. Nxd3 exd3 29. Qxd3 Bc4 30. Qe4 Rf1+ 31. Kc2 Rf2+ 32. Kb1 Rf1+ 33. Kc2 Rf2+
34. Kb1 Rf1+ 1/2-1/2

[Event "Chess24 Banter Blitz Cup"]
[Site "chess24.com INT"]
[Date "2019.10.02"]
[Round "1.1"]
[White "Zaragatski, Ilja"]
[Black "Kovalenko, Igor"]
[Result "1-0"]
[WhiteTitle "GM"]
[BlackTitle "GM"]
[WhiteElo "2489"]
[BlackElo "2674"]
[WhiteFideId "4655192"]
[BlackFideId "14117908"]
[EventDate "2019.09.25"]
[EventType "blitz"]

1. Nf3 d5 2. g3 c6 3. Bg2 Bg4 4. c4 e6 5. O-O Bd6 6. Qb3 Qb6 7. Qc2 Nf6 8. b3
Nbd7 9. Bb2 Bxf3 10. Bxf3 Be5 11. Nc3 h5 12. Rad1 h4 13. d4 Bb8 14. e4 hxg3 15.
hxg3 dxe4 16. Nxe4 Nxe4 17. Qxe4 Nf6 18. Qe2 Bc7 19. d5 cxd5 20. cxd5 Bxg3 21.
dxe6 fxe6 22. Bd4 Bh2+ 23. Kg2 Qa5 24. Qxe6+ Kf8 25. Bxf6 Re8 26. Bxg7+ Kxg7 27.
Rd7+ Kf8 28. Qf7# 1-0

[Event "Chess24 Banter Blitz Cup"]
[Site "chess24.com INT"]
[Date "2019.10.02"]
[Round "1.2"]
[White "Kovalenko, Igor"]
[Black "Zaragatski, Ilja"]
[Result "1/2-1/2"]
[WhiteTitle "GM"]
[BlackTitle "GM"]
[WhiteElo "2674"]
[BlackElo "2489"]
[WhiteFideId "14117908"]
[BlackFideId "4655192"]
[EventDate "2019.09.25"]
[EventType "blitz"]

1. e4 e6 2. d4 d5 3. e5 c5 4. c3 Nc6 5. Nf3 Nge7 6. Bd3 cxd4 7. cxd4 Nf5 8. Bxf5
exf5 9. O-O Be6 10. Nc3 Be7 11. a3 g5 12. b4 f4 13. Na4 b6 14. Nb2 Qd7 15. Ne1
f6 16. b5 Na5 17. a4 fxe5 18. dxe5 O-O-O 19. Bd2 Kb8 20. Bxa5 bxa5 21. Nbd3 Rc8
22. Qd2 Bd8 23. Nf3 Rc4 24. Rfc1 g4 25. Rxc4 dxc4 26. Nc5 Qxd2 27. Nxd2 Bd5 28.
Rc1 Be7 29. Na6+ Kb7 30. Nxc4 Rd8 31. Nxa5+ Kb6 32. Nc6 Bxc6 33. Rxc6+ Ka5 34.
Kf1 Kxa4 35. Nc7 Bb4 36. f3 Rd1+ 37. Ke2 Rd2+ 38. Ke1 Rd3+ 39. Kf1 Rd1+ 40. Ke2
Rd2+ 41. Kf1 Rd3 42. Ke2 Rd2+ 1/2-1/2